| 000 | 02216mam a2200229 a 4500 | ||
|---|---|---|---|
| 020 | _a0872629864 | ||
| 082 | 0 | 0 |
_a624.151363 _bFLY _cL-39, P-189 |
| 245 | 0 | 0 |
_aFly ash for soil improvement : _bproceedings of sessions sponsored by Committees on Soil Improvement and Geosynthetics of the Geotechnical Engineering Division of the American Society of Civil Engineers in conjunction with the ASCE Convention in Dallas, Texas, October 24-28, 1993 / _cedited by Kevan D. Sharp. |
| 260 |
_aNew York : _bAmerican Society of Civil Engineers, _cc1993. |
||
| 300 |
_av, 119 p. : _bill. ; _c22 cm. |
||
| 490 | 1 | _aGeotechnical special publication ; | |
| 505 | 0 | _aUse of Self-Cementing Fly Ashes as a Soil Stabilization Agent / Glen Ferguson -- Fly Ash Stabilization of Tropical Hawaiian Soils / Peter G. Nicholson and Vinai Kashyap -- Stabilization of South Texas Soils with Fly Ash / M. Saleh Keshawarz and Utpal Dutta -- Enzyme Enhanced Stabilization of Soil and Fly Ash / Lutful I. Khan and Mohammad Sarker -- Stabilization of Industrial Wastes / Robert L. Smith -- Lime Sludge Amended Fly Ash for Utilization as an Engineering Material / M. H. Maher, J. M. Butziger, D. L. DiSalvo and I. S. Oweis -- A Study of Engineering Properties of a Clay Modified by Fly Ash and Slag / Shi-Chih Chu and Hsiang-Sheng Kao -- Treatment of Calcareous Expansive Clays / Sahel N. Abduljauwad. | |
| 520 | _aFly Ash for Soil Improvement provides civil and geotechnical engineers with a contemporary review of the beneficial uses of fly ash for both general construction purposes and for waste containment/soil stabilization. | ||
| 520 | 8 | _aPeer-reviewed papers describe the use of self-cementing fly ashes as a soil stabilization agent; fly ash stabilization of tropical Hawaiian soils, south Texas soils, and industrial wastes; enzyme-enhanced stabilization; lime sludge amended fly ash; calcareous expansive clays; and engineering properties of a clay modified by fly ash and slag. | |
| 526 |
_a0 _b0 _c0 _d624_151363000000000_FLY |
||
| 650 | 0 |
_aFly ash _921233 |
|
| 650 | 0 |
_aMCE _9379 |
|
| 650 | 0 |
_aSoil stabilization _913080 |
|
| 700 | 1 |
_aSharp, Kevan D. _946602 |
|
| 710 | 2 |
_aAmerican Society of Civil Engineers. _9702 |
|
| 942 |
_2ddc _cBK |
||
| 999 |
_c549904 _d549904 |
||